Mapa de ciudades de Colombia - Estadísticas

Estadísticas generales
  • Esta prueba ha sido intentada 293 veces
  • La puntuación promedio es 8 de 16
Respuestas en el mapa
Las respuestas están codificadas por una escala verde-roja en el mapa de la prueba según el % correcto abajo.
 
Estadísticas de respuestas
Respuesta % Correcto
Bogotá
84%
Medellín
76%
Barranquilla
66%
Cali
66%
Cartagena
65%
San Andrés
55%
Bucaramanga
46%
Cúcuta
46%
Leticia
46%
Pasto
42%
Arauca
37%
Manizales
37%
Ibagué
36%
Puerto Carreño
36%
Riohacha
36%
Tunja
31%
No se encontraron pruebas coincidentes
Distribución de puntuación
Porcentaje de gente con cada puntuación
Porcentaje por número respondido
Historial de tus puntuaciones
No has intentado esta prueba.